000 00686nam a2200229Ia 4500
003 OSt
005 20220923212341.0
006 a|||||r|||| 00| 0
007 ta
008 220922b |||||||| |||| 00| 0 hin d
024 _a152,312
037 _cTextual
040 _aARTS
_cARTS
_bhin
041 _2hin
_ahin
082 _aO122:2M67:11, 152J2
100 _aगाल्सवर्दी, जान
245 0 _aहड़ताल, अनु प्रेमचन्द
246 _aHaड़tāla, anu0 premachanda
260 _c1952
942 _hO122:2M67:11, 152J2
_cTEXL
_2CC
999 _c307961
_d307961